00426nam a2200181Ia 4500003000400000005001700004006001900021007000300040008004100043024001000084037001200094040002000106041001300126082001400139100002400153245005800177260000900235OSt20220928150525.0a|||||r|||| 00| 0 ta220927b |||||||| |||| 00| 0 eng d a95389 cTextual aSDCLcSDCLbeng 2engaeng aO15:g, M9 aMimansak Yudhushtar 0aSanskrit pathan - paathan ki anubhoot saraltam-vidhi. c1989